<?xml version="1.0" encoding="UTF-8"?>
<record
    xmlns:xsi="http://www.w3.org/2001/XMLSchema-instance"
    xsi:schemaLocation="http://www.loc.gov/MARC21/slim http://www.loc.gov/standards/marcxml/schema/MARC21slim.xsd"
    xmlns="http://www.loc.gov/MARC21/slim">

  <leader>02868nam a2200313 a 4500</leader>
  <controlfield tag="003">CHAP</controlfield>
  <controlfield tag="005">20240530145329.0</controlfield>
  <controlfield tag="007">ta</controlfield>
  <controlfield tag="008">240530t212     fluad||fr|||| 001 0 eng d</controlfield>
  <datafield tag="020" ind1=" " ind2=" ">
    <subfield code="a">978-1-4398-3683-5</subfield>
  </datafield>
  <datafield tag="040" ind1=" " ind2=" ">
    <subfield code="a">Z</subfield>
    <subfield code="c">CHAP</subfield>
    <subfield code="e">rda</subfield>
  </datafield>
  <datafield tag="041" ind1="0" ind2=" ">
    <subfield code="b">Ingl&#xE9;s</subfield>
    <subfield code="f">Ingl&#xE9;s</subfield>
  </datafield>
  <datafield tag="082" ind1="0" ind2="0">
    <subfield code="2">20</subfield>
  </datafield>
  <datafield tag="245" ind1="0" ind2="0">
    <subfield code="a">Handbook of meat and meat processing / </subfield>
    <subfield code="c">editor Hui, Y. H.; editores asociados J. L. Aalhus, L. Cocolin, I. Guerrero-Legarreta, L. M. Nollet, R. W. Purchas, M. W. Schiling, P. Stanfield, Y. L. Xiong</subfield>
  </datafield>
  <datafield tag="250" ind1=" " ind2=" ">
    <subfield code="a">Segunda edici&#xF3;n</subfield>
  </datafield>
  <datafield tag="264" ind1=" " ind2="1">
    <subfield code="a">Boca Raton, Florida :</subfield>
    <subfield code="b">CRC Press,</subfield>
    <subfield code="c">&#xA9;2012</subfield>
  </datafield>
  <datafield tag="300" ind1=" " ind2=" ">
    <subfield code="a">xviii, 982 p&#xE1;ginas:</subfield>
    <subfield code="b">ilustraciones, gr&#xE1;ficas, tablas, esquemas</subfield>
  </datafield>
  <datafield tag="336" ind1=" " ind2=" ">
    <subfield code="2">rdacontent</subfield>
    <subfield code="a">texto</subfield>
    <subfield code="b">txt</subfield>
  </datafield>
  <datafield tag="337" ind1=" " ind2=" ">
    <subfield code="2">rdamedia</subfield>
    <subfield code="a">sin medio</subfield>
    <subfield code="b">n</subfield>
  </datafield>
  <datafield tag="338" ind1=" " ind2=" ">
    <subfield code="2">rdacarrier</subfield>
    <subfield code="a">volumen</subfield>
    <subfield code="b">nc</subfield>
  </datafield>
  <datafield tag="500" ind1=" " ind2=" ">
    <subfield code="a">eje.1: 273836</subfield>
  </datafield>
  <datafield tag="504" ind1=" " ind2=" ">
    <subfield code="a">Incluye bibliograf&#xED;a</subfield>
  </datafield>
  <datafield tag="505" ind1="0" ind2="0">
    <subfield code="a">Part I. Meat Industries --</subfield>
    <subfield code="g">1.</subfield>
    <subfield code="t">Meat Industries: Characteristics and Manufacturing Processes /
</subfield>
    <subfield code="r">Y. H. Hui --</subfield>
  </datafield>
  <datafield tag="505" ind1="0" ind2="0">
    <subfield code="a">Part II. Meat Science --</subfield>
    <subfield code="g">2.</subfield>
    <subfield code="t">Muscle Biology /</subfield>
    <subfield code="r">Amanda D. Weaver --</subfield>
    <subfield code="g">3.</subfield>
    <subfield code="t">Meat Composition /</subfield>
    <subfield code="r">Robert G. Kauffman --</subfield>
    <subfield code="g">4.</subfield>
    <subfield code="t">Postmortem Muscle Chemistry /</subfield>
    <subfield code="r">Marion L. Greaser and Wei Guo --</subfield>
  </datafield>
  <datafield tag="505" ind1="0" ind2="0">
    <subfield code="a">Part III. Quality and Other Attributes --</subfield>
    <subfield code="g">5. </subfield>
    <subfield code="t">Meat Color /</subfield>
    <subfield code="r">Lorenzo Castigliego, Andrea Armani, and Alessandra Guidi --</subfield>
    <subfield code="g">6. </subfield>
    <subfield code="t">Flavors and Flavor Generation of Meat Products / </subfield>
    <subfield code="r">Tzou-Chi Huang and Chi-Tang Ho --
</subfield>
    <subfield code="g">7.</subfield>
    <subfield code="t">Analytical Methods for Meat and Meat Products / </subfield>
    <subfield code="r">O. A. Young, D. A. Frost, and M. Agnew --</subfield>
    <subfield code="g">8. </subfield>
    <subfield code="t">Recent Advances in Meat Quality Assessment /</subfield>
    <subfield code="r">Jean-Louis Damez and Sylvie Clerjon --</subfield>
    <subfield code="g">9.</subfield>
    <subfield code="t">Beef Texture and Juiciness /</subfield>
    <subfield code="r">M. Ju&#xE1;rez, N. Aldai, &#xD3;. L&#xF3;pez-Campos, M. E. R. Dugan, B. Uttaro, and J. L. Aalhus</subfield>
    <subfield code="g">10. </subfield>
    <subfield code="t">Sensory Evaluation of Muscle Foods /</subfield>
    <subfield code="r">M. Wes Schilling and Alessandra J. Pham --</subfield>
  </datafield>
  <datafield tag="520" ind1=" " ind2=" ">
    <subfield code="a">Retitled to reflect expansion of coverage from the first edition, Handbook of Meat and Meat Processing, Second Edition, contains a complete update of materials and nearly twice the number of chapters. Divided into seven parts, the book covers the entire range of issues related to meat and meat processing, from nutrients to techniques for preservation and extending shelf life.

Topics discussed include:

An overview of the meat-processing industry
The basic science of meat, with chapters on muscle biology, meat consumption, and chemistry
Meat attributes and characteristics, including color, flavor, quality assessment, analysis, texture, and control of microbial contamination
The primary processing of meat, including slaughter, carcass evaluation, and kosher laws
Principles and applications in the secondary processing of meat, including breading, curing, fermenting, smoking, and marinating
The manufacture of processed meat products such as sausage and ham.</subfield>
  </datafield>
  <datafield tag="534" ind1=" " ind2=" ">
    <subfield code="p">T&#xED;tulo original:</subfield>
  </datafield>
  <datafield tag="942" ind1=" " ind2=" ">
    <subfield code="2">ddc</subfield>
    <subfield code="c">LIBRO</subfield>
  </datafield>
  <datafield tag="999" ind1=" " ind2=" ">
    <subfield code="c">219963</subfield>
    <subfield code="d">219963</subfield>
  </datafield>
</record>
